[Event "GER-chT LG-1 Br03 email"]
[Site "GER email"]
[Date "2007.10.25"]
[Round "?.3"]
[White "Hase, Michael"]
[Black "Schuetze, Manfred"]
[Result "1/2-1/2"]
[WhiteElo "2185"]
[BlackElo "2247"]
[PlyCount "67"]
[EventDate "2007.??.??"]
[EventType "tourn (corr)"]
[EventRounds "7"]
[EventCountry "GER"]
[SourceTitle "Corr 2011"]
[Source "ChessBase"]
[SourceDate "2010.08.31"]
[SourceVersion "1"]
[SourceVersionDate "2010.08.31"]
[SourceQuality "1"]

1. d4 Nf6 2. c4 e6 3. Nf3 b6 4. g3 Ba6 5. b3 d5 6. cxd5 exd5 7. Bg2 Bb4+ 8. Bd2 Bd6 9. Nc3 0-0 10. 0-0 Re8 11. Ne5 c6 12. Re1 Bb7 13. e4 Bxe5 14. dxe5 Rxe5 15. Bf4 Re8 16. exd5 Nxd5 17. Rxe8+ Qxe8 18. Nxd5 cxd5 19. Bxd5 Bxd5 20. Qxd5 Nc6 21. Rc1 Rc8 22. Qd6 h6 23. b4 Qe7 24. b5 Qxd6 25. Bxd6 Ne7 26. Rc7 Rxc7 27. Bxc7 Nd5 28. Bb8 Nc3 29. Bxa7 Nxa2 30. Bxb6 Nc3 31. Kf1 f6 32. Bc5 Nxb5 33. Ke2 Kf7 34. Kd3 1/2-1/2

[Event "GER-chT2 LF-21 B2 email"]
[Site "GER email"]
[Date "2007.??.??"]
[Round "?"]
[White "Keller, Harald"]
[Black "Hase, Michael"]
[Result "1/2-1/2"]
[WhiteElo "2092"]
[BlackElo "2150"]
[PlyCount "77"]
[EventDate "2007.??.??"]
[EventType "team (corr)"]
[EventRounds "9"]
[EventCountry "GER"]
[SourceTitle "Corr 2008"]
[Source "ChessBase"]
[SourceDate "2008.06.24"]
[SourceVersion "1"]
[SourceVersionDate "2008.06.24"]
[SourceQuality "1"]

1. e4 c5 2. Nf3 d6 3. d4 cxd4 4. Nxd4 Nf6 5. Nc3 a6 6. Be3 e5 7. Nf3 Be7 8. Bc4 0-0 9. 0-0 Nc6 10. Re1 Be6 11. Nd5 Bxd5 12. Bxd5 Nb4 13. c4 Nbxd5 14. exd5 b5 15. Nd2 Qd7 16. a4 Rfb8 17. b3 Ng4 18. cxb5 axb5 19. a5 Nf6 20. Nf1 b4 21. Bg5 Ra6 22. Ra4 Rb5 23. Bxf6 Bxf6 24. Re4 g6 25. Rexb4 Raxa5 26. Rxa5 Rxa5 27. h4 Bd8 28. h5 Qa7 29. hxg6 hxg6 30. Qg4 Kg7 31. Ne3 Bb6 32. Nf5+ Kf8 33. Nxd6 Rxd5 34. Qc8+ Ke7 35. Ne4 Bxf2+ 36. Nxf2 Rd1+ 37. Kh2 Qxf2 38. Rb7+ Kf6 39. Qh8+ 1/2-1/2

[Event "CFriend AM-2004-0-00015 email"]
[Site "Chessfriend.com"]
[Date "2005.02.07"]
[Round "1"]
[White "Massimini Gerbino, Massimiliano"]
[Black "Hase, Michael"]
[Result "1-0"]
[WhiteElo "2369"]
[BlackElo "2474"]
[PlyCount "87"]
[EventDate "2005.??.??"]
[EventType "tourn (corr)"]
[EventRounds "6"]
[SourceTitle "Corr 2024"]
[Source "ChessBase"]
[SourceDate "2023.10.19"]
[SourceVersion "1"]
[SourceVersionDate "2023.10.19"]
[SourceQuality "1"]

1. e4 c5 2. Nf3 Nc6 3. d4 cxd4 4. Nxd4 e5 5. Nb5 d6 6. c4 Be7 7. N1c3 a6 8. Na3 f5 9. exf5 Bxf5 10. Bd3 Be6 11. 0-0 Nf6 12. Bg5 0-0 13. Qb1 Kh8 14. Bxf6 gxf6 15. Bf5 Bxf5 16. Qxf5 Nd4 17. Qd3 d5 18. cxd5 Bxa3 19. bxa3 Qa5 20. Kh1 Qxa3 21. Qd2 Qc5 22. Rac1 b5 23. Qh6 Qa7 24. Ne4 Rad8 25. d6 Qg7 26. Qxg7+ Kxg7 27. Rc7+ Kg6 28. f4 f5 29. Nc5 Rxd6 30. Nd7 Re8 31. Nxe5+ Kf6 32. Rxh7 Ne2 33. Re1 Rd2 34. g3 b4 35. Rf7+ Ke6 36. Rb7 Kf6 37. Rb6+ Re6 38. Rxb4 Rxa2 39. Rb8 Nd4 40. Rd8 Nc6 41. Rf8+ Kg7 42. Rxf5 a5 43. h4 Kg8 44. Rc1 1-0

[Event "CFriend AC-2003-S-00005 email"]
[Site "Chessfriend.com"]
[Date "2004.12.01"]
[Round "1"]
[White "Hase, Michael"]
[Black "Krauland, Michael"]
[Result "1-0"]
[WhiteElo "2474"]
[BlackElo "2301"]
[PlyCount "53"]
[EventDate "2004.??.??"]
[EventType "tourn (corr)"]
[EventRounds "6"]
[SourceTitle "Corr 2024"]
[Source "ChessBase"]
[SourceDate "2023.10.19"]
[SourceVersion "1"]
[SourceVersionDate "2023.10.19"]
[SourceQuality "1"]

1. d4 Nf6 2. c4 g6 3. Nc3 Bg7 4. e4 d6 5. f3 0-0 6. Be3 c5 7. Nge2 b6 8. d5 e6 9. Ng3 exd5 10. cxd5 h5 11. Qd2 Nbd7 12. Bg5 a6 13. Be2 b5 14. 0-0 Re8 15. Nh1 Qe7 16. Nf2 Qf8 17. Rac1 Kh7 18. a4 b4 19. Ncd1 Bh6 20. a5 Ng8 21. Bxh6 Nxh6 22. Ne3 f6 23. f4 f5 24. exf5 Nxf5 25. Nxf5 Qxf5 26. Bd3 Qf6 27. f5 1-0

[Event "CFriend AC-2003-S-00005 email"]
[Site "Chessfriend.com"]
[Date "2004.12.01"]
[Round "1"]
[White "Hase, Michael"]
[Black "Massimini Gerbino, Massimiliano"]
[Result "1/2-1/2"]
[WhiteElo "2474"]
[BlackElo "2369"]
[PlyCount "97"]
[EventDate "2004.??.??"]
[EventType "tourn (corr)"]
[EventRounds "6"]
[SourceTitle "Corr 2008"]
[Source "ChessBase"]
[SourceDate "2008.06.24"]
[SourceVersion "1"]
[SourceVersionDate "2008.06.24"]
[SourceQuality "1"]

1. d4 Nf6 2. c4 g6 3. Nc3 d5 4. cxd5 Nxd5 5. e4 Nxc3 6. bxc3 Bg7 7. Be3 0-0 8. Qd2 e5 9. Rb1 exd4 10. cxd4 Qe7 11. Bd3 Nc6 12. Ne2 a5 13. 0-0 Nb4 14. Rfc1 c6 15. f3 Nxd3 16. Qxd3 f5 17. e5 a4 18. Qd2 Qf7 19. a3 Be6 20. Bh6 Bxh6 21. Qxh6 Bb3 22. Qe3 f4 23. Qd2 Rad8 24. Rc5 g5 25. Nc1 Bc4 26. Ne2 Bb3 27. Re1 Qe6 28. Qb4 g4 29. d5 Rxd5 30. Rxd5 Qxd5 31. Nxf4 Qf7 32. g3 gxf3 33. Kf2 Qf5 34. Qc3 Qg5 35. h4 Qe7 36. Nh5 Bd5 37. Nf6+ Kh8 38. g4 Be6 39. g5 Rd8 40. Qe3 Kg7 41. Kg3 f2 42. Kxf2 b5 43. Qe4 Qc5+ 44. Re3 Kf8 45. Qxh7 Qc1 46. Qh6+ Ke7 47. Qg7+ Bf7 48. Ne4 Rd2+ 49. Nxd2 1/2-1/2

[Event "CFriend AC-2004-Q-00004 email"]
[Site "Chessfriend.com"]
[Date "2004.07.14"]
[Round "?"]
[White "Hase, Michael"]
[Black "Weiss, Lester P"]
[Result "1-0"]
[WhiteElo "2433"]
[BlackElo "1910"]
[PlyCount "53"]
[EventDate "2004.??.??"]
[EventType "tourn (corr)"]
[EventRounds "10"]
[SourceTitle "Corr 2008"]
[Source "ChessBase"]
[SourceDate "2008.06.24"]
[SourceVersion "1"]
[SourceVersionDate "2008.06.24"]
[SourceQuality "1"]

1. d4 Nf6 2. c4 e6 3. Nc3 Bb4 4. Bg5 h6 5. Bh4 c5 6. d5 d6 7. e3 Bxc3+ 8. bxc3 e5 9. f3 Nbd7 10. Bd3 Qe7 11. Qb1 g5 12. Bg3 h5 13. h4 g4 14. Ne2 Rg8 15. e4 gxf3 16. gxf3 Nb6 17. a4 Kd8 18. Bf2 Kc7 19. Be3 Nh7 20. a5 Nd7 21. Qb5 Ndf8 22. a6 b6 23. Qc6+ Kb8 24. Kf2 Ng6 25. Ng3 Nf6 26. Bg5 Nf4 27. Bc2 1-0

[Event "CFriend AC-2004-Q-00004 email"]
[Site "Chessfriend.com"]
[Date "2004.07.14"]
[Round "1"]
[White "Lorentzen, Oystein"]
[Black "Hase, Michael"]
[Result "0-1"]
[WhiteElo "2383"]
[BlackElo "2474"]
[PlyCount "108"]
[EventDate "2004.??.??"]
[EventType "tourn (corr)"]
[EventRounds "10"]
[SourceTitle "Corr 2024"]
[Source "ChessBase"]
[SourceDate "2023.10.19"]
[SourceVersion "1"]
[SourceVersionDate "2023.10.19"]
[SourceQuality "1"]

1. Nf3 c5 2. c4 Nf6 3. Nc3 d5 4. cxd5 Nxd5 5. e4 Nb4 6. a3 Nd3+ 7. Bxd3 Qxd3 8. Qe2 Qxe2+ 9. Nxe2 c4 10. Ne5 b5 11. d4 f6 12. Nf3 e6 13. 0-0 a6 14. Be3 Bb7 15. Nc3 Kf7 16. Rac1 Be7 17. Nd2 Nc6 18. f4 Rad8 19. d5 exd5 20. Nxd5 Rhe8 21. Rfe1 Bd6 22. Rcd1 Ne7 23. Nc3 Bc7 24. Kf2 Nc8 25. a4 Nd6 26. axb5 axb5 27. Bc5 Bc6 28. Bb4 Nb7 29. Nf3 Bb6+ 30. Kf1 Nc5 31. Nd5 Nd3 32. Rxd3 cxd3 33. Nxb6 Bxe4 34. Kf2 Bxf3 35. gxf3 Rxe1 36. Kxe1 Re8+ 37. Kd2 Re2+ 38. Kxd3 Rxh2 39. Nc8 h5 40. Nd6+ Kg8 41. Be1 h4 42. Bxh4 Rxh4 43. Nxb5 Rxf4 44. Nd4 Kf7 45. Kc4 Ke7 46. Kc5 Kd7 47. Kd5 Rh4 48. b4 g6 49. Nc2 Rh5+ 50. Kd4 Kd6 51. Ke3 Rh1 52. Na3 Kc6 53. Kd3 Rh3 54. Ke3 Rh2 0-1

[Event "CFriend AC-2004-Q-00004 email"]
[Site "Chessfriend.com"]
[Date "2004.07.14"]
[Round "?"]
[White "Weggen, Rick HM"]
[Black "Hase, Michael"]
[Result "0-1"]
[WhiteElo "1671"]
[BlackElo "2433"]
[PlyCount "68"]
[EventDate "2004.??.??"]
[EventType "tourn (corr)"]
[EventRounds "10"]
[SourceTitle "Corr 2008"]
[Source "ChessBase"]
[SourceDate "2008.06.24"]
[SourceVersion "1"]
[SourceVersionDate "2008.06.24"]
[SourceQuality "1"]

1. d4 d5 2. Nf3 Nf6 3. Bg5 Ne4 4. Bh4 c5 5. dxc5 Nc6 6. e3 g6 7. Nd4 Bg7 8. Bb5 Bd7 9. 0-0 Nxc5 10. Nc3 Nxd4 11. Bxd7+ Qxd7 12. exd4 Ne6 13. Ne2 0-0 14. Qd3 Nc7 15. Rfe1 e6 16. Nc3 Rac8 17. Bg3 Ne8 18. Be5 Nd6 19. Bxg7 Kxg7 20. a4 Qc7 21. Ra3 Nc4 22. Rb3 Nxb2 23. Rxb2 Qxc3 24. Qxc3 Rxc3 25. Rxb7 Rxc2 26. Rxa7 Rb8 27. g3 Rbb2 28. Rf1 h5 29. h4 Rd2 30. a5 Rxd4 31. Re1 Rdd2 32. Rxe6 Rxf2 33. Ree7 Rf3 34. Rad7 Rxg3+ 0-1

[Event "CFriend AC-2003-Q-00004 email"]
[Site "Chessfriend.com"]
[Date "2003.07.01"]
[Round "?"]
[White "Hase, Michael"]
[Black "Neuer, Thomas"]
[Result "1-0"]
[WhiteElo "2419"]
[BlackElo "2397"]
[PlyCount "99"]
[EventDate "2003.??.??"]
[EventType "tourn (corr)"]
[EventRounds "1"]
[SourceTitle "Corr 2008"]
[Source "ChessBase"]
[SourceDate "2008.06.24"]
[SourceVersion "1"]
[SourceVersionDate "2008.06.24"]
[SourceQuality "1"]

1. d4 f5 2. Nc3 Nf6 3. Bg5 d5 4. f3 Nc6 5. Qd2 e6 6. 0-0-0 Bb4 7. e3 Bd7 8. a3 Ba5 9. Nh3 h6 10. Bf4 g5 11. Bg3 Qe7 12. Nf2 e5 13. dxe5 Nxe5 14. h4 0-0-0 15. hxg5 hxg5 16. Rxh8 Rxh8 17. Qd4 Bxc3 18. Qxc3 Nc6 19. Kb1 Rh6 20. Bb5 Kb8 21. Nd3 a6 22. Bxc6 Bxc6 23. Nb4 Be8 24. Be5 a5 25. Nd3 b6 26. Qd4 Qe6 27. Nf2 Bf7 28. Nh3 Nd7 29. Nxg5 Qxe5 30. Nxf7 Qxd4 31. exd4 Rh7 32. Ne5 Kc8 33. Ng6 c6 34. Re1 Kc7 35. Re6 Rh1+ 36. Ka2 Rh6 37. c3 a4 38. Nf4 Rf6 39. Kb1 Kd8 40. Rxf6 Nxf6 41. Kc2 Ke7 42. Kd3 Kd6 43. c4 dxc4+ 44. Kxc4 Nh7 45. Kb4 b5 46. d5 Nf6 47. g3 Nxd5+ 48. Nxd5 Kxd5 49. g4 f4 50. Ka5 1-0

[Event "CFriend AC-2003-Q-00004 email"]
[Site "Chessfriend.com"]
[Date "2003.07.01"]
[Round "?"]
[White "Hase, Michael"]
[Black "Ruijgrok, Dennis"]
[Result "1/2-1/2"]
[WhiteElo "2516"]
[BlackElo "2057"]
[PlyCount "56"]
[EventDate "2003.??.??"]
[EventType "tourn (corr)"]
[EventRounds "1"]
[SourceTitle "Corr 2008"]
[Source "ChessBase"]
[SourceDate "2008.06.24"]
[SourceVersion "1"]
[SourceVersionDate "2008.06.24"]
[SourceQuality "1"]

1. d4 Nf6 2. c4 g6 3. Nc3 d5 4. Nf3 Bg7 5. Qb3 dxc4 6. Qxc4 0-0 7. e4 a6 8. Qb3 b5 9. e5 Nfd7 10. Be3 c5 11. e6 cxd4 12. exf7+ Rxf7 13. Nxd4 Nc5 14. Qd5 Qxd5 15. Nxd5 Nbd7 16. Rd1 Bb7 17. Nc7 Rc8 18. Nde6 Bc6 19. Bxc5 Nxc5 20. Nxc5 Rxc7 21. Rd8+ Rf8 22. Rxf8+ Bxf8 23. Nxa6 Rc8 24. Nb4 Bb7 25. Nd3 Bg7 26. h4 Bd4 27. f4 Bd5 28. a3 Be4 1/2-1/2

[Event "CFriend AC-2003-Q-00004 email"]
[Site "Chessfriend.com"]
[Date "2003.07.01"]
[Round "?"]
[White "Hase, Michael"]
[Black "Schorra, Helmut"]
[Result "1/2-1/2"]
[WhiteElo "2419"]
[BlackElo "2452"]
[PlyCount "69"]
[EventDate "2003.??.??"]
[EventType "tourn (corr)"]
[EventRounds "1"]
[SourceTitle "Corr 2008"]
[Source "ChessBase"]
[SourceDate "2008.06.24"]
[SourceVersion "1"]
[SourceVersionDate "2008.06.24"]
[SourceQuality "1"]

1. d4 d5 2. c4 dxc4 3. Nf3 Nf6 4. e3 Bg4 5. Bxc4 e6 6. Nc3 Nbd7 7. h3 Bh5 8. 0-0 Be7 9. e4 c6 10. Be3 0-0 11. Be2 Bb4 12. e5 Nd5 13. Nxd5 cxd5 14. Rc1 Nb6 15. Qb3 Be7 16. Rc3 Rc8 17. Rfc1 Rxc3 18. Rxc3 Qb8 19. Bd2 Rc8 20. Qc2 Bg6 21. Qc1 Rxc3 22. Qxc3 Qc8 23. Qa5 Qb8 24. b3 Nd7 25. Qc3 Qd8 26. a4 a6 27. b4 Nb8 28. b5 h6 29. Ne1 Qd7 30. Bf1 Bf8 31. Be2 Be7 32. Qc1 axb5 33. Bxb5 Qd8 34. a5 Bf8 35. Qc3 1/2-1/2

[Event "CFriend AC-2003-Q-00004 email"]
[Site "Chessfriend.com"]
[Date "2003.07.01"]
[Round "?"]
[White "Massimini Gerbino, Massimiliano"]
[Black "Hase, Michael"]
[Result "1-0"]
[WhiteElo "2385"]
[BlackElo "2516"]
[PlyCount "53"]
[EventDate "2003.??.??"]
[EventType "tourn (corr)"]
[EventRounds "1"]
[SourceTitle "Corr 2008"]
[Source "ChessBase"]
[SourceDate "2008.06.24"]
[SourceVersion "1"]
[SourceVersionDate "2008.06.24"]
[SourceQuality "1"]

1. d4 d5 2. Nf3 Nf6 3. c4 e6 4. Nc3 c6 5. Bg5 h6 6. Bh4 dxc4 7. e4 g5 8. Bg3 b5 9. Be2 Bb7 10. h4 g4 11. Ne5 Rg8 12. 0-0 Nbd7 13. Nxg4 Qb6 14. Nxf6+ Nxf6 15. Qd2 b4 16. Na4 Qa5 17. Qf4 Qxa4 18. Qxf6 Bg7 19. Qf4 c5 20. dxc5 Qc6 21. Bxc4 Bd4 22. Rad1 Bxc5 23. Rfe1 a5 24. Be2 Rg7 25. Qe5 Rg8 26. Rc1 Rc8 27. Red1 1-0

[Event "CFriend AM-2003-0-00006 email"]
[Site "Chessfriend.com"]
[Date "2003.06.09"]
[Round "?"]
[White "Borkovec, Milan"]
[Black "Hase, Michael"]
[Result "0-1"]
[WhiteElo "2210"]
[BlackElo "2516"]
[PlyCount "56"]
[EventDate "2003.??.??"]
[EventType "tourn (corr)"]
[EventRounds "12"]
[SourceTitle "Corr 2008"]
[Source "ChessBase"]
[SourceDate "2008.06.24"]
[SourceVersion "1"]
[SourceVersionDate "2008.06.24"]
[SourceQuality "1"]

1. e4 c5 2. Nf3 Nc6 3. d4 cxd4 4. Nxd4 g6 5. Nc3 Bg7 6. Be3 Nf6 7. Be2 0-0 8. 0-0 d6 9. Nb3 Be6 10. f4 Rc8 11. Rb1 Qd7 12. Kh1 Bg4 13. Bf3 Bxf3 14. Qxf3 Qg4 15. Nd2 Qxf3 16. Nxf3 b5 17. a3 a6 18. Rfe1 Ng4 19. Nd5 f5 20. Bg1 fxe4 21. Rxe4 Rf5 22. Nxe7+ Nxe7 23. Rxe7 Rxc2 24. Bd4 Rf7 25. Re8+ Rf8 26. Re7 Bxd4 27. Nxd4 Rc4 28. Ne6 Rfc8 0-1

[Event "CFriend AM-2003-0-00006 email"]
[Site "Chessfriend.com"]
[Date "2003.06.09"]
[Round "1"]
[White "Hase, Michael"]
[Black "Haeusler, Werner"]
[Result "1-0"]
[WhiteElo "2516"]
[BlackElo "2364"]
[PlyCount "65"]
[EventDate "2003.??.??"]
[EventType "tourn (corr)"]
[EventRounds "12"]
[SourceTitle "Corr 2008"]
[Source "ChessBase"]
[SourceDate "2008.06.24"]
[SourceVersion "1"]
[SourceVersionDate "2008.06.24"]
[SourceQuality "1"]

1. d4 Nf6 2. c4 e6 3. Nc3 Bb4 4. e3 0-0 5. Bd3 c5 6. Nge2 d5 7. cxd5 cxd4 8. exd4 Nxd5 9. 0-0 Re8 10. Bc2 Nc6 11. Qd3 g6 12. Rd1 Bf8 13. Qf3 Bg7 14. Be4 Nxc3 15. bxc3 Bd7 16. Rb1 f5 17. Bc2 b6 18. Bb3 Na5 19. Bf4 Rc8 20. Be5 Nc4 21. Bxg7 Kxg7 22. Qg3 e5 23. dxe5 Nxe5 24. Rd6 Rc6 25. Rd4 Ng4 26. Rbd1 Nf6 27. Nf4 Re7 28. c4 Qc7 29. Qc3 Qe5 30. Nd3 Qa5 31. Qa1 Be8 32. Rd5 Qa3 33. Ne1 1-0